Social capital for inclusive development in a collectivist context / (Record no. 27014)

MARC details
000 -LEADER
fixed length control field 00463nam a2200145Ia 4500
041 ## - LANGUAGE CODE
Language code of text/sound track or separate title English
082 ## - DEWEY DECIMAL CLASSIFICATION NUMBER
Classification number RS.0799
100 ## - MAIN ENTRY--AUTHOR NAME
Personal name Sinha, Ran Bijay Narayan
Affiliation B S College
245 #0 - TITLE STATEMENT
Title Social capital for inclusive development in a collectivist context /
Statement of responsibility, etc Ran Bijay Narayan Sinha
260 ## - PUBLICATION, DISTRIBUTION, ETC. (IMPRINT)
Place of publication New Delhi :
Name of publisher/Sponsor Indian Council of Social Science Research,
Year of publication 2015
300 ## - PHYSICAL DESCRIPTION
Number of Pages iv, 128p
650 ## - SUBJECT ADDED ENTRY--TOPICAL TERM
Topical Term Social capital
Geographic subdivision India
650 ## - SUBJECT ADDED ENTRY--TOPICAL TERM
Topical Term Human capital
942 ## - ADDED ENTRY ELEMENTS (KOHA)
Source of classification or shelving scheme Dewey Decimal Classification
Koha item type Books
Holdings
Withdrawn status Lost status Damaged status Not for loan Collection code Home library Current library Date acquired Source of acquisition Full call number Accession Number Price effective from Koha item type
      Not For Loan ICSSR Research Project Reports NASSDOC Library NASSDOC Library 12/11/2021 Gifted by: RP Division ICSSR RS.0799 51646 13/12/2021 Research Reports